00520 2200193 4500001002100000005001800021008004100039035002400080090002100104100002000125245002900145250000600174260003100180300005700211650002200268700000600290850001500296999001500311YOGYA-0211000000046820110201082409895 ind  0010-021100000000468 aDEP 232.99 Set S aSTIAWATI, Maria aSanta bernadet soubirous a- aYogyakartabKanisiusc1989 a39 hlm.: ilus.; 28 cm. ( Kanisius: seri orang kudus) aOrang- orang suci a- aYOPDYOG[B] aD000010644